IFM Opac

Oxford Information Technology for CSEC (Record no. 22210)

MARC details
000 -LEADER
fixed length control field 00334nam a22001337a 4500
020 ## - INTERNATIONAL STANDARD BOOK NUMBER
ISBN 978-0-19-832938-1
082 ## - DEWEY DECIMAL CLASSIFICATION NUMBER
Classification number 004
100 ## - MAIN ENTRY--AUTHOR NAME
Personal name Gay, Glenda
245 ## - TITLE STATEMENT
Title Oxford Information Technology for CSEC
260 ## - PUBLICATION, DISTRIBUTION, ETC. (IMPRINT)
Place of publication New York:
Name of publisher Oxford University Press,
Year of publication 2009
300 ## - PHYSICAL DESCRIPTION
Number of Pages 320p.: ill.; 27cm
700 ## - ADDED ENTRY--PERSONAL NAME
Personal name Blades, Ronald
942 ## - ADDED ENTRY ELEMENTS (KOHA)
Koha item type Books
Holdings
Withdrawn status Lost status Damaged status Not for loan Collection code Permanent Location Current Location Shelving location Date acquired Source of acquisition Full call number Accession Number Price effective from Koha item type
        Non-fiction IFM Main Campus Library IFM Main Campus Library Work Room processing 01/23/2026 Purchased 004 GAY 0000030935 01/23/2026 Books